[Event "Ïåðâåíñòâî Ìîñêâû ïî øàõìàòàì"]
[Site "Ìîñêâà, ÌÃÈÌÎ ïð. Âåðíàäñêîãî,"]
[Date "2018.11.23"]
[Round "7.11"]
[White "Gerasimov, Matvey"]
[Black "Pereverzev, Timofei"]
[Result "1-0"]
[WhiteElo "1225"]
[BlackElo "1338"]
[PlyCount "143"]
[EventDate "2018.11.18"]

1. e4 e6 2. d4 d5 3. exd5 exd5 4. Nf3 Nc6 5. Bd3 Nb4 6. O-O Nxd3 7. Qxd3 Bd6 8.
Re1+ Ne7 9. c3 O-O 10. Bg5 f6 11. Bh4 Bf5 12. Qd1 Ng6 13. Bg3 Nf4 14. Qb3 Qd7
15. Nbd2 c6 16. Nf1 Be4 17. N1d2 Bd3 18. Re3 Bf5 19. Nh4 Bg4 20. Rae1 Rfe8 21.
Nhf3 Rxe3 22. Rxe3 Kh8 23. h3 Be6 24. Ne1 b6 25. Nd3 Nxd3 26. Rxd3 c5 27. Qd1
Re8 28. Bxd6 Qxd6 29. Nf3 Qf4 30. Re3 c4 31. Qe2 Qd6 32. Nh4 Kg8 33. f4 Qd7 34.
Nf5 Bf7 35. Rxe8+ Qxe8 36. Qxe8+ Bxe8 37. Ne7+ Kf7 38. Nxd5 Bc6 39. Ne3 b5 40.
g4 a5 41. a3 Ke6 42. Kf2 Be4 43. Kg3 Kd6 44. Nd1 Kc6 45. Kf2 Bc2 46. Ne3 Be4
47. Ng2 b4 48. axb4 axb4 49. Ne3 bxc3 50. bxc3 Bd3 51. Nd1 Kd5 52. Ke3 Bc2 53.
Nb2 Bb3 54. h4 g6 55. f5 gxf5 56. gxf5 h5 57. Kf4 Bc2 58. Ke3 Bxf5 59. Nd1 Bc2
60. Nf2 Ke6 61. Kf4 Kd5 62. Nh1 Bg6 63. Ng3 Ke6 64. Ne4 Bh7 65. d5+ Kf7 66.
Nd6+ Ke7 67. Nxc4 Bg8 68. Ne3 Kd6 69. Nf5+ Kc5 70. d6 Be6 71. Ng7 Bg4 72. Nxh5
1-0

[Event "Ïåðâåíñòâî Ìîñêâû ïî øàõìàòàì"]
[Site "Ìîñêâà, ÌÃÈÌÎ ïð. Âåðíàäñêîãî,"]
[Date "2018.11.23"]
[Round "7.12"]
[White "Chekanov, Timur"]
[Black "Lyadov, Kirill"]
[Result "1-0"]
[WhiteElo "1204"]
[BlackElo "1226"]
[PlyCount "61"]
[EventDate "2018.11.18"]

1. d4 d5 2. Nf3 Nf6 3. Bf4 c5 4. c3 Nc6 5. e3 Qb6 6. Qb3 c4 7. Qxb6 axb6 8.
Nbd2 b5 9. a3 b4 10. cxb4 Nxb4 11. Rc1 Nc6 12. Ne5 Nh5 13. Nxc6 bxc6 14. Be5 f6
15. Bg3 Nxg3 16. hxg3 e5 17. dxe5 fxe5 18. e4 Bc5 19. Nf3 Rf8 20. Rc2 dxe4 21.
Nxe5 e3 22. fxe3 Bd6 23. Nf3 Bxg3+ 24. Kd1 Bg4 25. Rxc4 Bxf3+ 26. gxf3 Rxf3 27.
Rxc6 Rxe3 28. Bb5 Kf7 29. Rxh7 Rd8+ 30. Kc2 Re2+ 31. Bxe2 1-0

[Event "Ïåðâåíñòâî Ìîñêâû ïî øàõìàòàì"]
[Site "Ìîñêâà, ÌÃÈÌÎ ïð. Âåðíàäñêîãî,"]
[Date "2018.11.23"]
[Round "7.13"]
[White "Yonal, Timur"]
[Black "Smirnov, Vsevolod"]
[Result "1-0"]
[WhiteElo "1524"]
[BlackElo "1244"]
[PlyCount "75"]
[EventDate "2018.11.18"]

1. e4 c5 2. Nf3 g6 3. d4 cxd4 4. Nxd4 Bg7 5. Nc3 Nc6 6. Be3 Nf6 7. Bc4 d6 8.
Bb3 Bd7 9. f3 a6 10. Qd2 O-O 11. h4 h5 12. O-O-O Nxd4 13. Bxd4 Kh7 14. g4 hxg4
15. h5 Nxh5 16. Bxg7 Kxg7 17. Rxh5 Rh8 18. Rxh8 Qxh8 19. fxg4 Rf8 20. Qg2 Qh6+
21. g5 Qh4 22. Rh1 Qf4+ 23. Kb1 Bg4 24. Qh2 Qxh2 25. Rxh2 Bh5 26. Nd5 Re8 27.
Rf2 e6 28. Nf6 Rh8 29. Rd2 Bf3 30. a3 b5 31. Rxd6 a5 32. Rd7 Kf8 33. Rd8+ Kg7
34. Rxh8 Kxh8 35. c4 a4 36. cxb5 Be2 37. b6 Ba6 38. Bxa4 1-0

[Event "Ïåðâåíñòâî Ìîñêâû ïî øàõìàòàì"]
[Site "Ìîñêâà, ÌÃÈÌÎ ïð. Âåðíàäñêîãî,"]
[Date "2018.11.23"]
[Round "7.14"]
[White "Bachaliashvili, Eduard"]
[Black "Filippov, Andrei O"]
[Result "1/2-1/2"]
[WhiteElo "1253"]
[BlackElo "1415"]
[PlyCount "84"]
[EventDate "2018.11.18"]

1. d4 d5 2. Nf3 Nf6 3. c4 e6 4. Nc3 Bb4 5. Qa4+ Nc6 6. Bg5 h6 7. cxd5 exd5 8.
Bd2 O-O 9. e3 Bd7 10. Qb3 Bf5 11. Bb5 Bxc3 12. Bxc3 Be4 13. Qd1 Qd6 14. Bxc6
Qxc6 15. O-O Nd7 16. Rc1 Qf6 17. Nd2 Rfe8 18. Qb3 Nb6 19. Ba5 Rac8 20. Nxe4
dxe4 21. Rc5 Nd7 22. Rxc7 Rxc7 23. Bxc7 b6 24. Bg3 Rc8 25. Qa4 Qc6 26. Qa3 a5
27. Qb3 Nf6 28. h3 Nd5 29. a3 a4 30. Qd1 b5 31. Qg4 Nf6 32. Qf5 Rd8 33. Qc5 Rc8
34. Rc1 Qxc5 35. Rxc5 Rxc5 36. dxc5 Kf8 37. Kf1 Ke8 38. Ke2 Kd7 39. Kd2 Kc6 40.
Bd6 Nd7 41. Kc3 Nxc5 42. Bf8 Ne6 1/2-1/2

[Event "Ïåðâåíñòâî Ìîñêâû ïî øàõìàòàì"]
[Site "Ìîñêâà, ÌÃÈÌÎ ïð. Âåðíàäñêîãî,"]
[Date "2018.11.23"]
[Round "7.15"]
[White "Saulin, Grigoriy"]
[Black "Korovko, Iakov"]
[Result "0-1"]
[WhiteElo "1056"]
[BlackElo "1125"]
[PlyCount "118"]
[EventDate "2018.11.18"]

1. e4 e6 2. c4 d5 3. exd5 exd5 4. cxd5 Nf6 5. Bb5+ Bd7 6. Bc4 Bd6 7. Nf3 O-O 8.
O-O Bg4 9. h3 Bh5 10. d4 Nbd7 11. Qb3 Nb6 12. Ne5 Re8 13. Bf4 Nfd7 14. Nxd7
Qxd7 15. Bxd6 Qxd6 16. Nc3 Re7 17. Rae1 Rae8 18. Rxe7 Rxe7 19. Nb5 Qd7 20. Nxa7
Nxc4 21. Qxc4 Be2 22. Qb3 Bxf1 23. Kxf1 c6 24. dxc6 bxc6 25. Qb6 g6 26. Nxc6
Re6 27. Qb8+ Kg7 28. Na5 Qxd4 29. Qb3 Qe5 30. Qb4 Rd6 31. Qe1 Qxb2 32. Nc4 Qb5
33. Qc3+ f6 34. Kg1 Rc6 35. Na3 Rxc3 36. Nxb5 Rc2 37. a3 Rb2 38. a4 Ra2 39. Nc3
Ra3 40. Ne2 Rxa4 41. Ng3 Ra1+ 42. Kh2 f5 43. h4 Ra4 44. Kh3 Kf6 45. Nf1 Ra3+
46. g3 Rd3 47. Kg2 Ke5 48. Nh2 Ke4 49. Nf1 Rd1 50. Nh2 Rd3 51. Nf1 h6 52. Nh2
Rd2 53. Nf1 Re2 54. Nh2 f4 55. Nf1 f3+ 56. Kg1 Re1 57. g4 g5 58. h5 Kf4 59. Kh1
Rxf1+ 0-1

[Event "Ïåðâåíñòâî Ìîñêâû ïî øàõìàòàì"]
[Site "Ìîñêâà, ÌÃÈÌÎ ïð. Âåðíàäñêîãî,"]
[Date "2018.11.23"]
[Round "7.16"]
[White "Makarenko, Kirill"]
[Black "Zherdev, Radomir"]
[Result "1/2-1/2"]
[WhiteElo "1060"]
[BlackElo "1293"]
[PlyCount "118"]
[EventDate "2018.11.18"]

1. d4 d6 2. c4 Nd7 3. Nc3 e5 4. Nf3 g6 5. e3 Bg7 6. Be2 Ne7 7. O-O O-O 8. Bd2
f5 9. Qb3 Kh8 10. Ng5 Nf6 11. c5 Qe8 12. Nb5 Ned5 13. cxd6 cxd6 14. Nxd6 Qe7
15. Bb4 Nxb4 16. Qxb4 Ne8 17. Ndf7+ Rxf7 18. Nxf7+ Qxf7 19. Bc4 Qf8 20. Qxf8+
Bxf8 21. dxe5 Bg7 22. Rad1 b5 23. Rd8 Bb7 24. Rxa8 Bxa8 25. Bxb5 Nc7 26. Rd1
Bd5 27. f4 Bf8 28. Ba4 Bc5 29. Kf2 Kg7 30. Rc1 Bb6 31. a3 h6 32. g3 g5 33. b4
Be4 34. Bb3 Bb7 35. a4 Na6 36. Rd1 Bc8 37. a5 Bc7 38. Rc1 Bd7 39. Rd1 Be8 40.
Rd4 Kf8 41. Be6 Bg6 42. Rc4 Be8 43. Bc8 Bb5 44. Bxa6 Bxc4 45. Bxc4 Ke7 46. Bd5
Bd8 47. e4 fxe4 48. Bxe4 Ke6 49. Kf3 h5 50. g4 hxg4+ 51. Kxg4 gxf4 52. Kxf4 Bc7
53. h4 Bxe5+ 54. Kg5 Bc3 55. b5 Bxa5 56. h5 Kf7 57. h6 Kg8 58. Kg6 Kh8 59. h7
Bb6 1/2-1/2

[Event "Ïåðâåíñòâî Ìîñêâû ïî øàõìàòàì"]
[Site "Ìîñêâà, ÌÃÈÌÎ ïð. Âåðíàäñêîãî,"]
[Date "2018.11.23"]
[Round "7.17"]
[White "Lebedev, Andrey"]
[Black "Nikitin, Stepan"]
[Result "1-0"]
[WhiteElo "1264"]
[BlackElo "1190"]
[PlyCount "55"]
[EventDate "2018.11.18"]

1. e4 c5 2. Nf3 Nc6 3. Bb5 g6 4. O-O Bg7 5. c3 a6 6. Bxc6 bxc6 7. d4 cxd4 8.
cxd4 Nf6 9. Nc3 O-O 10. Bg5 Re8 11. Qd2 d6 12. Rad1 Bg4 13. Qe3 Nd7 14. h3 Bxf3
15. Qxf3 Qb6 16. Na4 Qb4 17. b3 c5 18. dxc5 Nxc5 19. Nxc5 Qxc5 20. Be3 Qa5 21.
Qe2 Rec8 22. Rd5 Qb4 23. Bd2 Qa3 24. Ra5 Qb2 25. Rxa6 Rxa6 26. Qxa6 Rc2 27.
Qa8+ Bf8 28. Bh6 1-0

[Event "Ïåðâåíñòâî Ìîñêâû ïî øàõìàòàì"]
[Site "Ìîñêâà, ÌÃÈÌÎ ïð. Âåðíàäñêîãî,"]
[Date "2018.11.23"]
[Round "7.22"]
[White "Rozhkov, Maksim"]
[Black "Selivanov, Alexandr"]
[Result "1-0"]
[WhiteElo "1154"]
[BlackElo "1176"]
[PlyCount "83"]
[EventDate "2018.11.18"]

1. c4 Nf6 2. d4 e6 3. Nc3 Bb4 4. Bg5 O-O 5. e3 d6 6. Bd3 Nc6 7. Qc2 h6 8. Bh4
d5 9. a3 Be7 10. Nf3 dxc4 11. Bxc4 a6 12. Bd3 b5 13. Ne4 Bb7 14. O-O Nd7 15.
Bg3 Nb6 16. Ne5 Nxe5 17. Bxe5 Qd5 18. f3 Rac8 19. Nc5 Bxc5 20. Qxc5 Qb3 21. Qc3
Qxc3 22. bxc3 Nd5 23. e4 Ne7 24. a4 c6 25. Bd6 Rfe8 26. c4 bxc4 27. Bxc4 Rcd8
28. Bc5 Ng6 29. f4 Kh8 30. Rab1 Bc8 31. Rb6 a5 32. Ba6 Bd7 33. g3 f6 34. Rb7
Ra8 35. Be2 Bc8 36. Rb6 Bd7 37. Bh5 Kh7 38. f5 exf5 39. exf5 Bxf5 40. Rxf5 Re4
41. Rf1 Re2 42. Bxe2 1-0

[Event "Ïåðâåíñòâî Ìîñêâû ïî øàõìàòàì"]
[Site "Ìîñêâà, ÌÃÈÌÎ ïð. Âåðíàäñêîãî,"]
[Date "2018.11.23"]
[Round "7.23"]
[White "Melnikov, Vladimir"]
[Black "Semin, Danila"]
[Result "1-0"]
[WhiteElo "1097"]
[BlackElo "1006"]
[PlyCount "101"]
[EventDate "2018.11.18"]

1. e4 e5 2. Nf3 Nc6 3. Bb5 a6 4. Ba4 Nf6 5. O-O Be7 6. d4 exd4 7. Nxd4 b5 8.
Nxc6 dxc6 9. Qxd8+ Bxd8 10. Bb3 O-O 11. e5 Nd5 12. Nd2 Bf5 13. Nf3 Be7 14. Nd4
Bd7 15. Re1 Bc5 16. Nf3 Rfe8 17. Rd1 Be6 18. Ng5 Rad8 19. Nxe6 Rxe6 20. Bg5
Rde8 21. Bxd5 cxd5 22. Rxd5 Rxe5 23. Rxe5 Rxe5 24. Bf4 Re2 25. Bxc7 Bxf2+ 26.
Kf1 Rxc2 27. Rd1 Bh4 28. Be5 Rf2+ 29. Kg1 Re2 30. Bd4 Re1+ 31. Rxe1 Bxe1 32.
Kf1 Bh4 33. Ke2 Bd8 34. h3 a5 35. Bc5 b4 36. Kd3 f6 37. Kc4 Kf7 38. Kb5 Ke6 39.
Bb6 Bxb6 40. Kxb6 a4 41. Kb5 b3 42. a3 f5 43. Kxa4 g5 44. Kxb3 h5 45. Kc3 g4
46. hxg4 fxg4 47. Kd2 h4 48. Ke2 Ke5 49. b4 Kf4 50. Kf2 g3+ 51. Kf1 1-0

[Event "Ïåðâåíñòâî Ìîñêâû ïî øàõìàòàì"]
[Site "Ìîñêâà, ÌÃÈÌÎ ïð. Âåðíàäñêîãî,"]
[Date "2018.11.23"]
[Round "7.25"]
[White "Rusakov, Makar"]
[Black "Morozov, Nikolay"]
[Result "1/2-1/2"]
[WhiteElo "1156"]
[BlackElo "1128"]
[PlyCount "85"]
[EventDate "2018.11.18"]

1. d4 d5 2. c4 dxc4 3. e3 e5 4. Bxc4 exd4 5. exd4 Nf6 6. Ne2 Bd6 7. O-O O-O 8.
Bf4 Bxf4 9. Nxf4 Bf5 10. Qb3 Nc6 11. d5 Na5 12. Qc3 Nxc4 13. Qxc4 Qd7 14. Nc3
Rfe8 15. Qb5 b6 16. Qc6 a6 17. Nce2 Qxc6 18. dxc6 Rad8 19. Ng3 Bg6 20. Rad1 Bc2
21. Rxd8 Rxd8 22. b3 Kf8 23. f3 Rd2 24. Rf2 Rd1+ 25. Nf1 Bd3 26. Nxd3 Rxd3 27.
Rd2 Rxd2 28. Nxd2 Ke7 29. Nc4 Ke6 30. Kf2 Nd5 31. a3 Ne7 32. Ke3 Nxc6 33. g4 b5
34. Nd2 a5 35. Ne4 f6 36. Nc3 b4 37. axb4 Nxb4 38. Ke4 c6 39. Kd4 Nd5 40. Ne4
g6 41. Nc5+ Kd6 42. Nb7+ Kc7 43. Nxa5 1/2-1/2

[Event "Ïåðâåíñòâî Ìîñêâû ïî øàõìàòàì"]
[Site "Ìîñêâà, ÌÃÈÌÎ ïð. Âåðíàäñêîãî,"]
[Date "2018.11.24"]
[Round "8.1"]
[White "Tunik, Denis"]
[Black "Averin, Nikolay"]
[Result "1/2-1/2"]
[WhiteElo "1673"]
[BlackElo "1557"]
[PlyCount "88"]
[EventDate "2018.11.18"]

1. d4 d5 2. c4 e6 3. Nc3 Nf6 4. Bg5 Nbd7 5. Nf3 c6 6. e3 Qa5 7. Nd2 Bb4 8. Qc2
O-O 9. Be2 e5 10. Bxf6 Nxf6 11. dxe5 Ne4 12. O-O Nxd2 13. Qxd2 dxc4 14. Bxc4
Qxe5 15. Rac1 Bf5 16. Rfd1 Be7 17. Qe2 Rad8 18. Kh1 Be6 19. Bd3 Bf5 20. Bc4 Bc5
21. Qh5 g6 22. Qh6 Rfe8 23. Rxd8 Rxd8 24. e4 Be6 25. Bxe6 Qxe6 26. Qg5 Qe7 27.
Qxe7 Bxe7 28. Rd1 Rxd1+ 29. Nxd1 Bf6 30. g3 Kf8 31. Kg2 Ke7 32. Kf3 Bd4 33. Ke2
Kd6 34. Kd3 c5 35. h3 b5 36. f4 f6 37. b3 a6 38. Ne3 Bxe3 39. Kxe3 Ke6 40. Kd3
g5 41. Ke3 h6 42. Kd3 h5 43. Ke3 h4 44. gxh4 gxh4 1/2-1/2

[Event "Ïåðâåíñòâî Ìîñêâû ïî øàõìàòàì"]
[Site "Ìîñêâà, ÌÃÈÌÎ ïð. Âåðíàäñêîãî,"]
[Date "2018.11.24"]
[Round "8.2"]
[White "Usov, Aleksandr E"]
[Black "Uskov, Artem"]
[Result "0-1"]
[WhiteElo "1640"]
[BlackElo "1366"]
[PlyCount "142"]
[EventDate "2018.11.18"]

1. d4 d5 2. c4 e6 3. Nc3 c6 4. Nf3 Nf6 5. Bg5 Nbd7 6. e3 Qa5 7. cxd5 Nxd5 8.
Qd2 Bb4 9. Rc1 O-O 10. Bd3 e5 11. O-O exd4 12. exd4 Bd6 13. Nxd5 Qxd2 14. Nf6+
Nxf6 15. Nxd2 Nd5 16. Rfe1 Bf4 17. Bxf4 Nxf4 18. Bf1 Bf5 19. Re7 Rab8 20. Nc4
Nd5 21. Ree1 Be6 22. g3 Rfd8 23. Red1 Ne7 24. Ne3 a6 25. a3 Rd7 26. Rd3 Rbd8
27. Rcd1 h6 28. Bg2 Nf5 29. Nxf5 Bxf5 30. R3d2 Bg4 31. f3 Be6 32. b4 Bb3 33.
Re1 Rxd4 34. Rxd4 Rxd4 35. Re8+ Kh7 36. Re7 Rd1+ 37. Kf2 Rd2+ 38. Kg1 Ra2 39.
Rxb7 Rxa3 40. f4 Ra1+ 41. Kf2 Ra2+ 42. Kg1 Ra1+ 43. Kf2 Ra2+ 44. Kf1 Bc4+ 45.
Kg1 Ra1+ 46. Kf2 Ra2+ 47. Kg1 Ra1+ 48. Kf2 Ra2+ 49. Kg1 Bd5 50. Bxd5 cxd5 51.
Rxf7 Ra4 52. Ra7 d4 53. Kf2 Rxb4 54. Rxa6 Rb2+ 55. Kf3 Rxh2 56. Ke4 d3 57. Kxd3
Rh3 58. Ke4 Rxg3 59. f5 Rg1 60. Ra7 Rf1 61. Ke5 h5 62. Rb7 Rf3 63. Ra7 Kh6 64.
Ra6+ Kh7 65. Ra4 Rg3 66. Rh4 Rg5 67. Rd4 g6 68. Rf4 gxf5 69. Rxf5 Kg6 70. Rxg5+
Kxg5 71. Ke4 Kg4 0-1

[Event "Ïåðâåíñòâî Ìîñêâû ïî øàõìàòàì"]
[Site "Ìîñêâà, ÌÃÈÌÎ ïð. Âåðíàäñêîãî,"]
[Date "2018.11.24"]
[Round "8.3"]
[White "Silenko, Alexey"]
[Black "Parpiev, Isaak"]
[Result "0-1"]
[WhiteElo "1347"]
[BlackElo "1314"]
[PlyCount "56"]
[EventDate "2018.11.18"]

1. e4 c5 2. a3 Nc6 3. b4 cxb4 4. axb4 Nxb4 5. d4 d5 6. c3 Nc6 7. exd5 Qxd5 8.
Na3 Bf5 9. Nf3 O-O-O 10. Bf4 g5 11. Nxg5 f6 12. Nf3 e5 13. Be3 exd4 14. Nxd4
Nxd4 15. Qxd4 Qxd4 16. Bxd4 Bh6 17. Nc4 a6 18. Ne3 Ne7 19. Nxf5 Nxf5 20. Bxf6
Rhe8+ 21. Be2 Rd2 22. g4 Rexe2+ 23. Kf1 Rxf2+ 24. Ke1 Rde2+ 25. Kd1 Ne3+ 26.
Kc1 Rc2+ 27. Kb1 Rb2+ 28. Kc1 Rfc2# 0-1

[Event "Ïåðâåíñòâî Ìîñêâû ïî øàõìàòàì"]
[Site "Ìîñêâà, ÌÃÈÌÎ ïð. Âåðíàäñêîãî,"]
[Date "2018.11.24"]
[Round "8.4"]
[White "Akhmedov, David"]
[Black "Zverev, Lev"]
[Result "1-0"]
[WhiteElo "1561"]
[BlackElo "1723"]
[PlyCount "85"]
[EventDate "2018.11.18"]

1. e4 e5 2. Nf3 Nc6 3. Nc3 Nf6 4. d4 exd4 5. Nxd4 Bb4 6. Nxc6 bxc6 7. Bd3 O-O
8. O-O d5 9. exd5 cxd5 10. Bg5 c6 11. Qf3 Be7 12. Rae1 h6 13. Bc1 Bd6 14. h3
Re8 15. Rxe8+ Qxe8 16. Ne2 Nd7 17. c3 Ne5 18. Qe3 Qf8 19. Nd4 Nxd3 20. Qxd3 Bd7
21. Be3 Qc8 22. Bd2 a6 23. Re1 c5 24. Ne2 Bc6 25. Bf4 Bxf4 26. Nxf4 Qd7 27. Rd1
c4 28. Qg3 Qf5 29. Qg4 Qe5 30. Qf3 Kh8 31. Ne2 Qe7 32. Nd4 Bb7 33. Nf5 Qe5 34.
Ne3 Qc7 35. Nxd5 Qd7 36. Ne3 Qc7 37. Nd5 Qd7 38. Ne3 Qc7 39. Qg4 Rc8 40. Rd7
Qc6 41. Rxf7 Rg8 42. Qf4 Qc8 43. Qc7 1-0

[Event "Ïåðâåíñòâî Ìîñêâû ïî øàõìàòàì"]
[Site "Ìîñêâà, ÌÃÈÌÎ ïð. Âåðíàäñêîãî,"]
[Date "2018.11.24"]
[Round "8.5"]
[White "Averkiev, Andrei"]
[Black "Chekanov, Timur"]
[Result "1/2-1/2"]
[WhiteElo "1440"]
[BlackElo "1204"]
[PlyCount "93"]
[EventDate "2018.11.18"]

1. d4 d5 2. c4 e6 3. Nc3 Nf6 4. Bg5 Nbd7 5. e3 c6 6. Nf3 Qa5 7. cxd5 Nxd5 8.
Qb3 Bb4 9. Rc1 N7f6 10. a3 Bxc3+ 11. bxc3 Ne4 12. Bd3 Ndxc3 13. Qb4 Qxb4 14.
axb4 Nxg5 15. Nxg5 Nd5 16. b5 Bd7 17. bxc6 Bxc6 18. O-O h6 19. Ne4 O-O 20. Rb1
Rab8 21. Rfc1 Nf6 22. Nc5 Nd7 23. Nxd7 Bxd7 24. h3 Bc6 25. Bb5 Be4 26. Rb4 Rfc8
27. Ra1 a6 28. Be2 Ra8 29. Bf3 Bxf3 30. gxf3 Rc7 31. Kf1 Rac8 32. Kg2 Ra8 33.
Kf1 Rac8 34. Kg2 Ra8 35. Kg3 f6 36. Kf4 Kf7 37. Ke4 Rd8 38. Ra5 Rdd7 39. d5
exd5+ 40. Rxd5 Rxd5 41. Kxd5 Rc2 42. Rxb7+ Kg6 43. Ke4 Rxf2 44. f4 Rh2 45. f5+
Kh7 46. Ra7 Rxh3 47. Rxa6 1/2-1/2

[Event "Ïåðâåíñòâî Ìîñêâû ïî øàõìàòàì"]
[Site "Ìîñêâà, ÌÃÈÌÎ ïð. Âåðíàäñêîãî,"]
[Date "2018.11.24"]
[Round "8.6"]
[White "Frolov, Maxim"]
[Black "Khlypovka, Stepan"]
[Result "1-0"]
[WhiteElo "1218"]
[BlackElo "1220"]
[PlyCount "67"]
[EventDate "2018.11.18"]

1. d4 d5 2. c4 c6 3. Nf3 e6 4. Nc3 dxc4 5. a4 Bb4 6. e3 b5 7. axb5 Bxc3+ 8.
bxc3 cxb5 9. Ba3 Ne7 10. Ne5 Bb7 11. Qb1 a6 12. Nxc4 O-O 13. Ne5 Nd7 14. Nf3
Nb6 15. Be2 Re8 16. Ng5 g6 17. Bf3 Bxf3 18. Nxf3 Ned5 19. Qb3 Rc8 20. Rc1 Na4
21. c4 Qa5+ 22. Kf1 bxc4 23. Rxc4 Rb8 24. Rxa4 Nxe3+ 25. fxe3 Qf5 26. Rb4 Rxb4
27. Qxb4 Qd3+ 28. Kf2 Rb8 29. Rc1 Re8 30. Qc5 Qb3 31. Kg3 Qxe3 32. d5 exd5 33.
Re1 d4 34. Rxe3 1-0

[Event "Ïåðâåíñòâî Ìîñêâû ïî øàõìàòàì"]
[Site "Ìîñêâà, ÌÃÈÌÎ ïð. Âåðíàäñêîãî,"]
[Date "2018.11.24"]
[Round "8.7"]
[White "Gerasimov, Matvey"]
[Black "Dianin, Georgiy"]
[Result "1/2-1/2"]
[WhiteElo "1225"]
[BlackElo "1060"]
[PlyCount "82"]
[EventDate "2018.11.18"]

1. e4 e6 2. d4 d5 3. exd5 exd5 4. Nf3 Nf6 5. Bd3 c5 6. c3 cxd4 7. Nxd4 Nc6 8.
Be3 Be7 9. Nd2 O-O 10. O-O a6 11. N2b3 Bg4 12. f3 Bh5 13. Qd2 Bg6 14. Bxg6 hxg6
15. Rad1 Qd7 16. Rfe1 Rfe8 17. Bf2 Bd6 18. Nc2 Rxe1+ 19. Rxe1 Re8 20. Rxe8+
Qxe8 21. Qe1 Qxe1+ 22. Bxe1 Kf8 23. Bf2 Ne5 24. Bc5 Ke7 25. Bxd6+ Kxd6 26. Nbd4
Nd3 27. b3 Nc1 28. a4 Nd3 29. g3 Nd7 30. Kf1 N7c5 31. Na1 Ne5 32. Ke2 Nc6 33.
Nac2 Nxd4+ 34. Nxd4 Ne6 35. Kd3 Nxd4 36. Kxd4 b6 37. b4 f6 38. f4 f5 39. h3 Ke6
40. a5 bxa5 41. bxa5 Kd6 1/2-1/2

[Event "Ïåðâåíñòâî Ìîñêâû ïî øàõìàòàì"]
[Site "Ìîñêâà, ÌÃÈÌÎ ïð. Âåðíàäñêîãî,"]
[Date "2018.11.24"]
[Round "8.8"]
[White "Kovaler, Filipp"]
[Black "Motruk, Denis"]
[Result "1/2-1/2"]
[WhiteElo "1182"]
[BlackElo "1309"]
[PlyCount "81"]
[EventDate "2018.11.18"]

1. d4 d5 2. Bf4 Bf5 3. e3 Nf6 4. h3 e6 5. Nf3 h6 6. c3 Nbd7 7. Nbd2 Be7 8. Be2
c6 9. O-O Qb6 10. Qb3 c5 11. Rac1 g5 12. Bh2 Ne4 13. Qxb6 axb6 14. a3 Nxd2 15.
Nxd2 c4 16. e4 Bg6 17. Rfe1 Nf6 18. exd5 exd5 19. Bf3 Kf8 20. Be5 Rd8 21. Bc7
Re8 22. Be5 Rd8 23. Bc7 Rc8 24. Bxb6 Bd6 25. Ba5 Bf4 26. Red1 h5 27. g3 Bxd2
28. Rxd2 g4 29. Bg2 Bd3 30. Re1 Ne4 31. Bxe4 Bxe4 32. Bb4+ Kg7 33. h4 Kg6 34.
Ra1 b5 35. Ba5 Ra8 36. Bb6 f5 37. Re1 Rhf8 38. Bc7 Ra4 39. Bd6 Rh8 40. Be5 Re8
41. Bf4 1/2-1/2

[Event "Ïåðâåíñòâî Ìîñêâû ïî øàõìàòàì"]
[Site "Ìîñêâà, ÌÃÈÌÎ ïð. Âåðíàäñêîãî,"]
[Date "2018.11.24"]
[Round "8.9"]
[White "Yonal, Timur"]
[Black "Maslovskiy, Vladimir"]
[Result "1-0"]
[WhiteElo "1524"]
[BlackElo "1231"]
[PlyCount "67"]
[EventDate "2018.11.18"]

1. e4 e5 2. Nf3 Nc6 3. Bb5 a6 4. Ba4 f5 5. d4 exd4 6. e5 Bc5 7. O-O Nge7 8. c3
dxc3 9. Nxc3 O-O 10. Nd5 h6 11. Bb3 Nxd5 12. Qxd5+ Kh8 13. Qxc5 b6 14. Qe3 f4
15. Qe4 Bb7 16. Bc2 Kg8 17. Qh7+ Kf7 18. Bb3+ Ke8 19. Qg6+ Ke7 20. Qxg7+ Ke8
21. Qg6+ Ke7 22. Nh4 Qe8 23. Qg7+ Kd8 24. Ng6 Rf5 25. Rd1 Nxe5 26. Nxe5 Rxe5
27. Bxf4 Re7 28. Qxh6 Kc8 29. Rac1 Bc6 30. h3 Kb7 31. Bd5 Rc8 32. Bxc6+ dxc6
33. Bd2 c5 34. Bc3 1-0

[Event "Ïåðâåíñòâî Ìîñêâû ïî øàõìàòàì"]
[Site "Ìîñêâà, ÌÃÈÌÎ ïð. Âåðíàäñêîãî,"]
[Date "2018.11.24"]
[Round "8.10"]
[White "Korovko, Iakov"]
[Black "Ivannikov, Maksim"]
[Result "1-0"]
[WhiteElo "1125"]
[BlackElo "1291"]
[PlyCount "67"]
[EventDate "2018.11.18"]

1. e4 c5 2. c4 Nc6 3. Nc3 g6 4. g3 Bg7 5. Bg2 d6 6. Nge2 e6 7. O-O Nge7 8. d3
O-O 9. Be3 a6 10. d4 cxd4 11. Nxd4 Ne5 12. b3 Qc7 13. f4 N5c6 14. Rc1 e5 15.
Nde2 Be6 16. Nd5 Qa5 17. Nec3 Bxd5 18. exd5 Nf5 19. Bf2 Ncd4 20. g4 Ne7 21. Ne4
Rfd8 22. fxe5 dxe5 23. Bxd4 exd4 24. Nf6+ Bxf6 25. Rxf6 Qa3 26. Rc2 Qc5 27.
Rcf2 Rf8 28. Qf3 d3 29. Qxd3 Nc8 30. d6 Rb8 31. Bd5 Kh8 32. Qc3 Kg8 33. Rxf7
Rxf7 34. Bxf7+ 1-0

[Event "Ïåðâåíñòâî Ìîñêâû ïî øàõìàòàì"]
[Site "Ìîñêâà, ÌÃÈÌÎ ïð. Âåðíàäñêîãî,"]
[Date "2018.11.24"]
[Round "8.13"]
[White "Smirnov, Vsevolod"]
[Black "Maimin, Leonid"]
[Result "1-0"]
[WhiteElo "1244"]
[BlackElo "1379"]
[PlyCount "55"]
[EventDate "2018.11.18"]

1. e4 c5 2. Nf3 e6 3. d4 cxd4 4. Nxd4 a6 5. Be3 Qc7 6. c3 Nc6 7. Nxc6 dxc6 8.
Nd2 b5 9. a3 Nf6 10. f4 Bb7 11. g3 c5 12. Bg2 Rd8 13. Qe2 c4 14. O-O-O Be7 15.
Bd4 O-O 16. Qf2 Nd7 17. e5 Nc5 18. Bxc5 Bxc5 19. Qe2 Rd3 20. Ne4 Be3+ 21. Kb1
Rfd8 22. Rxd3 Rxd3 23. Nd6 Rd2 24. Qxe3 Rxg2 25. Kc1 Rxb2 26. Nxb7 Qxb7 27. Rd1
Qe7 28. Kxb2 1-0

[Event "Ïåðâåíñòâî Ìîñêâû ïî øàõìàòàì"]
[Site "Ìîñêâà, ÌÃÈÌÎ ïð. Âåðíàäñêîãî,"]
[Date "2018.11.24"]
[Round "8.14"]
[White "Artelnykh, Leonid"]
[Black "Lebedev, Andrey"]
[Result "1-0"]
[WhiteElo "1354"]
[BlackElo "1264"]
[PlyCount "81"]
[EventDate "2018.11.18"]

1. d4 f5 2. c4 e6 3. Nf3 Nf6 4. Nc3 Bb4 5. a3 Bxc3+ 6. bxc3 O-O 7. e3 b6 8. Be2
Bb7 9. O-O Nc6 10. d5 exd5 11. cxd5 Ne7 12. c4 Ne4 13. Bb2 Ng6 14. Nd2 Qe7 15.
Nxe4 fxe4 16. Qd2 Nh4 17. Qd4 Qg5 18. Qxe4 Rae8 19. Qg4 Qxg4 20. Bxg4 Nf5 21.
Rfe1 Ba6 22. e4 Nd6 23. Bxd7 Re7 24. Be6+ Kh8 25. f3 Nxc4 26. Bc3 Ree8 27. a4
Rf4 28. a5 b5 29. Rab1 Na3 30. Be5 Rh4 31. Rb3 Rh5 32. Bxc7 Nc2 33. Bf7 Rc8 34.
Bxh5 Nxe1 35. d6 Nc2 36. Bg4 Nd4 37. Bxc8 Bxc8 38. Rb4 Ne2+ 39. Kf2 Nc3 40. Rb3
a6 41. Rxc3 1-0

[Event "Ïåðâåíñòâî Ìîñêâû ïî øàõìàòàì"]
[Site "Ìîñêâà, ÌÃÈÌÎ ïð. Âåðíàäñêîãî,"]
[Date "2018.11.24"]
[Round "8.15"]
[White "Lyadov, Kirill"]
[Black "Bachaliashvili, Eduard"]
[Result "0-1"]
[WhiteElo "1226"]
[BlackElo "1253"]
[PlyCount "126"]
[EventDate "2018.11.18"]

1. e4 e6 2. d4 d5 3. e5 c5 4. c3 Qb6 5. Nf3 Nc6 6. a3 Nh6 7. b4 cxd4 8. cxd4
Nf5 9. Bb2 Be7 10. Be2 O-O 11. O-O f6 12. b5 Nd8 13. Nc3 Nf7 14. Na4 Qd8 15.
Rc1 b6 16. Qd2 Bd7 17. Qd1 Rb8 18. Qb3 fxe5 19. Nxe5 Qe8 20. Bh5 g6 21. Nxd7
Qxd7 22. Bg4 N7d6 23. Be2 Ne4 24. Rc2 Ng7 25. f3 Nf6 26. Rfc1 Bd6 27. Qc3 Bf4
28. Rd1 Rfc8 29. Qb3 Nf5 30. Rd3 Rxc2 31. Qxc2 Qxb5 32. Qb3 Qxb3 33. Rxb3 Rc8
34. g4 Nd6 35. Rc3 Rxc3 36. Nxc3 Be3+ 37. Kf1 Bxd4 38. Nd1 Bxb2 39. Nxb2 Kf7
40. Ke1 Nd7 41. Kd2 Nc5 42. Kc3 g5 43. Nd3 Nxd3 44. Bxd3 h6 45. a4 Kf6 46. Kd4
Nc8 47. Bb5 Ne7 48. Bd7 e5+ 49. Kd3 Ng6 50. Bc6 Ke6 51. Bb7 Kd6 52. Ba6 Kc5 53.
Bb7 Nf4+ 54. Ke3 Kb4 55. Bc6 a6 56. Bd7 b5 57. axb5 axb5 58. Kd2 Kc4 59. Bf5 b4
60. Bc2 b3 61. Bb1 d4 62. Be4 d3 63. Bh7 b2 0-1

[Event "Ïåðâåíñòâî Ìîñêâû ïî øàõìàòàì"]
[Site "Ìîñêâà, ÌÃÈÌÎ ïð. Âåðíàäñêîãî,"]
[Date "2018.11.24"]
[Round "8.18"]
[White "Zherdev, Radomir"]
[Black "Saulin, Grigoriy"]
[Result "1-0"]
[WhiteElo "1293"]
[BlackElo "1056"]
[PlyCount "42"]
[EventDate "2018.11.18"]

1. e4 e5 2. Nf3 Nc6 3. Bc4 Nf6 4. d3 Be7 5. O-O O-O 6. c3 d6 7. Nbd2 d5 8. exd5
Nxd5 9. Re1 Bg4 10. h3 Bh5 11. Qb3 Na5 12. Qc2 Nxc4 13. dxc4 Bg6 14. Qb3 Nf4
15. Nxe5 Rb8 16. Ndf3 Ne6 17. Be3 c5 18. Rad1 Qa5 19. Nd7 b5 20. Nxb8 Rxb8 21.
Ne5 bxc4 1-0

[Event "Ïåðâåíñòâî Ìîñêâû ïî øàõìàòàì"]
[Site "Ìîñêâà, ÌÃÈÌÎ ïð. Âåðíàäñêîãî,"]
[Date "2018.11.24"]
[Round "8.19"]
[White "Rozhkov, Maksim"]
[Black "Melnikov, Vladimir"]
[Result "1/2-1/2"]
[WhiteElo "1154"]
[BlackElo "1097"]
[PlyCount "80"]
[EventDate "2018.11.18"]

1. c4 e5 2. Nc3 Nf6 3. g3 Bc5 4. Bg2 O-O 5. e3 Nc6 6. Nge2 d6 7. O-O Be6 8. b3
Qd7 9. f4 Bh3 10. fxe5 dxe5 11. Na4 Bxg2 12. Kxg2 Bb6 13. Nxb6 axb6 14. d4 exd4
15. exd4 Rae8 16. Rxf6 gxf6 17. Bh6 Qg4 18. Nf4 Qd7 19. Bxf8 Kxf8 20. Nd5 Kg7
21. Qd3 Qg4 22. Qxh7+ Kxh7 23. Nxf6+ Kg7 24. Nxg4 Nxd4 25. Rd1 Ne6 26. Rd7 Rd8
27. Rxd8 Nxd8 28. Ne3 Ne6 29. Nd5 Kg6 30. Nf4+ Nxf4+ 31. gxf4 f5 32. b4 c5 33.
Kf2 Kh5 34. bxc5 bxc5 35. Kg3 b6 36. a3 Kg6 37. Kf2 Kh5 38. h3 Kh4 39. Kg2 Kh5
40. Kg3 Kg6 1/2-1/2